[Event "Rated Blitz game"]
[Site "?"]
[Date "2021.07.08"]
[Round "?"]
[White "neurobyte"]
[Black "ahoramahora"]
[Result "0-1"]
[WhiteElo "2491"]
[BlackElo "2372"]
[PlyCount "92"]
[EventDate "2021.??.??"]
[EventType "blitz"]

1. e4 e5 2. Nf3 d5 3. Nxe5 Bd6 4. d4 dxe4 5. Qh5 Qe7 6. Bc4 Be6 7. Bxe6 Qxe6 8.
O-O Nf6 9. Qg5 O-O 10. Nc3 h6 11. Qg3 Nc6 12. Bxh6 Nh5 13. Qh4 Qxh6 14. Nxc6
bxc6 15. Nxe4 Rae8 16. Nxd6 cxd6 17. Rfe1 Nf6 18. Qg3 Ne4 19. Qd3 Qf4 20. f3
Nf6 21. c3 Nd5 22. g3 Re3 23. Rxe3 Qxe3+ 24. Qxe3 Nxe3 25. Re1 Nc4 26. b3 Nb6
27. Re7 Nd5 28. Rxa7 Nxc3 29. Rd7 Ra8 30. Rxd6 Rxa2 31. Rxc6 Ne2+ 32. Kf1 Nxd4
33. Rc8+ Kh7 34. b4 Rb2 35. Rc7 f6 36. Rb7 Nxf3 37. b5 Nxh2+ 38. Ke1 Nf3+ 39.
Kf1 Nd4 40. b6 f5 41. Rb8 Nc6 42. Rf8 Kg6 43. b7 Rxb7 44. Rc8 Ne7 45. Rc2 Nd5
46. Kg2 Ne3+ {Normal} 0-1

[Event "Rated Blitz game"]
[Site "?"]
[Date "2021.07.08"]
[Round "?"]
[White "ChessNoob001"]
[Black "Schachelite"]
[Result "0-1"]
[WhiteElo "2417"]
[BlackElo "2442"]
[PlyCount "46"]
[EventDate "2021.??.??"]
[EventType "blitz"]

1. e4 e5 2. Nf3 d5 3. exd5 e4 4. Qe2 Nf6 5. Nc3 Be7 6. Nxe4 O-O 7. d3 Re8 8.
Nxf6+ Bxf6 9. Be3 Bxb2 10. Rb1 Bc3+ 11. Kd1 Qxd5 12. Rb3 Qa5 13. a3 Nc6 14. Ng5
Be6 15. Nxe6 Rxe6 16. Qg4 Rae8 17. Be2 Bf6 18. Rxb7 Qxa3 19. Rb1 a5 20. Bf3 Nb4
21. Bc5 Qc3 22. Bxb4 Re1+ 23. Rxe1 Rxe1# {Normal} 0-1

[Event "Rated Blitz game"]
[Site "?"]
[Date "2021.07.08"]
[Round "?"]
[White "jonny_magia"]
[Black "annaly1979"]
[Result "0-1"]
[WhiteElo "2419"]
[BlackElo "2372"]
[PlyCount "56"]
[EventDate "2021.??.??"]
[EventType "blitz"]

1. e4 e5 2. Nf3 d5 3. Nxe5 Qe7 4. d4 f6 5. Nd3 Nc6 6. Qh5+ Qf7 7. Qxd5 Qxd5 8.
exd5 Nxd4 9. Kd1 Bd6 10. f3 Ne7 11. Be3 Ndf5 12. Bf2 a6 13. c4 b6 14. Nc3 Bd7
15. g4 Nh6 16. Kc2 O-O 17. h3 Nf7 18. Re1 Ng6 19. h4 Nge5 20. Nxe5 Nxe5 21. Be2
Rae8 22. Ne4 Bb4 23. Rd1 Nxg4 24. fxg4 Rxe4 25. Bd3 Rxg4 26. a3 Bd6 27. Rhg1 h5
28. b4 Ba4+ {Normal} 0-1

[Event "Rated Blitz game"]
[Site "?"]
[Date "2021.07.08"]
[Round "?"]
[White "Spiegelstufe"]
[Black "annaly1979"]
[Result "1-0"]
[WhiteElo "2573"]
[BlackElo "2399"]
[PlyCount "79"]
[EventDate "2021.??.??"]
[EventType "blitz"]

1. e4 e5 2. Nf3 d5 3. Nxe5 Qe7 4. d4 f6 5. Nd3 Nc6 6. c3 Bf5 7. Be2 Bxe4 8. O-O
Qf7 9. Nd2 Bf5 10. a4 Bd6 11. a5 a6 12. Nb3 Nge7 13. Nbc5 Rb8 14. Bf4 Bxd3 15.
Nxd3 O-O 16. Bxd6 cxd6 17. Bf3 Ng6 18. Qb3 Nce7 19. Nb4 Nh4 20. Bxd5 Nxd5 21.
Qxd5 Rfe8 22. Rfe1 Ng6 23. g3 Kf8 24. Qxf7+ Kxf7 25. f3 Ne7 26. Kf2 Nf5 27.
Rxe8 Rxe8 28. Re1 Rxe1 29. Kxe1 Ke6 30. Ke2 d5 31. Nd3 Kd6 32. Nc5 Kc6 33. Kd3
Nd6 34. b3 g6 35. c4 Nf7 36. Ne6 h5 37. Nf4 Nh8 38. Nxd5 f5 39. Nf4 Kd6 40. h4
{Normal} 1-0

[Event "Rated Blitz game"]
[Site "?"]
[Date "2021.07.08"]
[Round "?"]
[White "Nandomga"]
[Black "SalvioSakakibara"]
[Result "1-0"]
[WhiteElo "2360"]
[BlackElo "2419"]
[PlyCount "117"]
[EventDate "2021.??.??"]
[EventType "blitz"]

1. e4 e5 2. Nf3 d5 3. Nxe5 Bd6 4. d4 dxe4 5. Nc4 Be7 6. Ne3 f5 7. c4 Nf6 8. Nc3
O-O 9. Qb3 Nc6 10. c5+ Kh8 11. d5 Ne5 12. Be2 Bxc5 13. O-O a6 14. Rd1 Bd6 15.
Bd2 f4 16. Nc4 f3 17. Bf1 fxg2 18. Bxg2 Neg4 19. h3 Nxf2 20. Kxf2 Ng4+ 21. Kg1
Bh2+ 22. Kh1 Qh4 23. Be1 Nf2+ 24. Kxh2 Qf4+ 25. Kg1 Bxh3 26. Ne2 Qg4 27. Qg3
Qxe2 28. Bxf2 Bxg2 29. Bd4 Rf7 30. Ne5 Rf6 31. Qxg2 Qh5 32. Rf1 Raf8 33. Nd7
Rxf1+ 34. Rxf1 Rxf1+ 35. Qxf1 Qg4+ 36. Kh2 Qh5+ 37. Qh3 Qe2+ 38. Qg2 Qh5+ 39.
Kg3 Qxd5 40. Bxg7+ Kxg7 41. Kf4+ Kf7 42. Ne5+ Kf8 43. Qg5 Qd2+ 44. Kf5 Qxg5+
45. Kxg5 e3 46. Nf3 Ke7 47. Kf4 e2 48. Ke3 Kd6 49. Kxe2 Kc5 50. Kd3 b5 51. Nh4
Kb4 52. Nf5 c5 53. Ne3 c4+ 54. Kd4 a5 55. Nf5 h5 56. Nh4 Ka4 57. Kc3 b4+ 58.
Kxc4 b3 59. axb3# {Normal} 1-0

[Event "Rated Blitz game"]
[Site "?"]
[Date "2021.07.08"]
[Round "?"]
[White "robin_hood08"]
[Black "Fantastic_power06"]
[Result "1-0"]
[WhiteElo "2460"]
[BlackElo "2679"]
[PlyCount "109"]
[EventDate "2021.??.??"]
[EventType "blitz"]

1. e4 e5 2. Nf3 d5 3. d3 dxe4 4. dxe4 Qxd1+ 5. Kxd1 Nc6 6. Bb5 Bd7 7. Nc3 O-O-O
8. Bxc6 Bxc6+ 9. Ke2 f6 10. a3 Ne7 11. Be3 Ng6 12. h4 h5 13. g3 Be7 14. Nd2 Bd7
15. Nd5 b6 16. a4 a5 17. c3 Be6 18. Nxe7+ Nxe7 19. b4 Nc6 20. b5 Ne7 21. c4 Rd7
22. c5 Kb8 23. cxb6 cxb6 24. Bxb6 f5 25. Rhc1 Rf8 26. f3 fxe4 27. Nxe4 Nf5 28.
Rd1 Bc4+ 29. Kf2 Rdf7 30. Ng5 Rf6 31. Bxa5 Nd4 32. Rxd4 exd4 33. Rc1 Bd5 34. f4
Re8 35. Rd1 Rc8 36. Rxd4 Rc2+ 37. Ke3 Bc4 38. Rd8+ Kb7 39. Rd7+ Kb8 40. Rxg7
Rf8 41. Kd4 Be2 42. Ne4 Rc4+ 43. Kd5 Rxa4 44. Bc7+ Ka8 45. Nd6 Bf3+ 46. Kc5 Ra1
47. f5 Rc1+ 48. Kb6 Bg4 49. Re7 Bxf5 50. Nxf5 Rd1 51. Nd6 Rxd6+ 52. Bxd6 Rd8
53. Kc7 Rxd6 54. Kxd6 Kb8 55. b6 {Normal} 1-0

[Event "Rated Blitz game"]
[Site "?"]
[Date "2021.07.08"]
[Round "?"]
[White "gmmorsa"]
[Black "Dzon_Vejn"]
[Result "0-1"]
[WhiteElo "2284"]
[BlackElo "2454"]
[PlyCount "92"]
[EventDate "2021.??.??"]
[EventType "blitz"]

1. e4 e5 2. Nf3 d5 3. Nxe5 Bd6 4. d4 dxe4 5. Nc4 Be7 6. Nc3 Nf6 7. Be2 Bf5 8.
Be3 O-O 9. g4 Bg6 10. h4 h6 11. Qd2 Nd5 12. O-O-O Nxe3 13. fxe3 Bxh4 14. Ne5
Bh7 15. Rdg1 Bg5 16. Rh5 Nd7 17. Nxd7 Qxd7 18. Rxg5 hxg5 19. Rh1 Bg6 20. Qe1
Rfe8 21. Qg3 Kf8 22. Rh8+ Ke7 23. Qe5+ Kd8 24. Qxg5+ Qe7 25. Qd5+ Kc8 26. Rxe8+
Qxe8 27. g5 a6 28. b3 Kb8 29. Na4 b6 30. c4 Ka7 31. c5 b5 32. Nc3 c6 33. Qd6
Rb8 34. a4 Rb7 35. axb5 axb5 36. Kb2 Qd7 37. Qe5 Qe7 38. Qxg7 Bf5 39. Qh6 Be6
40. Qh4 b4 41. Na4 Qd7 42. Nb6 Rxb6 43. cxb6+ Kxb6 44. Qf4 Qd5 45. Qf6 Qxb3+
46. Kc1 Qxe3+ {Time forfeit} 0-1

[Event "Rated Blitz game"]
[Site "?"]
[Date "2021.07.08"]
[Round "?"]
[White "ClubPhilidorMoron"]
[Black "petrosianuro"]
[Result "1/2-1/2"]
[WhiteElo "2446"]
[BlackElo "2278"]
[PlyCount "100"]
[EventDate "2021.??.??"]
[EventType "blitz"]

1. e4 e5 2. Nf3 d5 3. Nxe5 Bd6 4. d4 dxe4 5. Nc4 Nf6 6. Nc3 O-O 7. h3 Nc6 8.
Be3 Be6 9. d5 Nxd5 10. Nxd5 Bxd5 11. Qh5 g6 12. Qh6 Bxc4 13. Bxc4 Be5 14. c3
Bg7 15. Qf4 Ne5 16. Qxe4 Nxc4 17. Qxc4 b5 18. Qxb5 Rb8 19. Qe2 Qd5 20. O-O Rfe8
21. Rfd1 Qb5 22. Qxb5 Rxb5 23. Rd2 Reb8 24. Bxa7 Rxb2 25. Rd3 Ra8 26. Be3 Be5
27. a4 Rxa4 28. Rc1 Kg7 29. g3 Raa2 30. Kg2 Rc2 31. Rxc2 Rxc2 32. Bd4 Bxd4 33.
cxd4 Kf6 34. Kf3 Ke6 35. Ke3 Kd5 36. Ra3 f5 37. Ra5+ Kd6 38. f3 Rc3+ 39. Kf4
Rd3 40. Ra4 Kd5 41. Ra7 Rxd4+ 42. Kg5 Rc4 43. Kh6 Rc3 44. Kxh7 Rxf3 45. Kxg6
Rxg3+ 46. Kxf5 Rxh3 47. Rxc7 Rf3+ 48. Kg4 Rd3 49. Rd7+ Kc4 50. Rxd3 Kxd3 {
Normal} 1/2-1/2

[Event "Rated Blitz game"]
[Site "?"]
[Date "2021.07.08"]
[Round "?"]
[White "VuskyM"]
[Black "annaly1979"]
[Result "1-0"]
[WhiteElo "2422"]
[BlackElo "2413"]
[PlyCount "53"]
[EventDate "2021.??.??"]
[EventType "blitz"]

1. e4 e5 2. Nf3 d5 3. Nxe5 Qe7 4. d4 f6 5. Qh5+ g6 6. Nxg6 Qxe4+ 7. Be2 Qxg6 8.
Qxd5 Ne7 9. Qa5 b6 10. Qa4+ Bd7 11. Qc4 Bc6 12. d5 Bxd5 13. Qxc7 Qxg2 14. Rf1
Nd7 15. Nc3 Bb7 16. Be3 Rc8 17. Qf4 Ng6 18. Qa4 Rxc3 19. bxc3 Qc6 20. Qxc6 Bxc6
21. O-O-O Ba3+ 22. Kb1 Nc5 23. Rfe1 O-O 24. Bh6 Re8 25. Bc4+ Kh8 26. Rxe8+ Bxe8
27. Rd8 {Normal} 1-0

[Event "Rated Blitz game"]
[Site "?"]
[Date "2021.07.08"]
[Round "?"]
[White "Picay"]
[Black "tactinhos2900"]
[Result "1-0"]
[WhiteElo "2378"]
[BlackElo "2493"]
[PlyCount "29"]
[EventDate "2021.??.??"]
[EventType "blitz"]

1. e4 e5 2. Nf3 d5 3. Nxe5 Bd6 4. d4 dxe4 5. Bc4 Bxe5 6. Qh5 Qe7 7. dxe5 g6 8.
Qg5 Nc6 9. Nc3 Be6 10. Bb5 Qc5 11. O-O a6 12. Be3 Qb4 13. Bxc6+ bxc6 14. Rab1
h6 15. Qf4 {Normal} 1-0

[Event "Rated Blitz tournament AaCih4Ao"]
[Site "?"]
[Date "2021.07.08"]
[Round "?"]
[White "Leoanonymus"]
[Black "Schachelite"]
[Result "0-1"]
[WhiteElo "2409"]
[BlackElo "2412"]
[PlyCount "106"]
[EventDate "2021.??.??"]
[EventType "blitz"]

1. e4 e5 2. Nf3 d5 3. Nxe5 Bd6 4. d4 dxe4 5. Bd2 Nf6 6. Bc4 O-O 7. O-O Nc6 8.
Nxc6 bxc6 9. Nc3 c5 10. dxc5 Bxc5 11. Bg5 Bb7 12. Qe2 Qd6 13. Rad1 Qe5 14. Bxf6
Qxf6 15. Nxe4 Qg6 16. Ng3 Rfe8 17. Qh5 Qxh5 18. Nxh5 Rad8 19. Ng3 g6 20. h3 Kg7
21. Rfe1 Rxe1+ 22. Rxe1 f5 23. Bd3 Kf6 24. Nf1 Bb4 25. Re2 Bd6 26. Nd2 Be5 27.
Nc4 Bd4 28. b3 Bd5 29. a4 Bxc4 30. Bxc4 Be5 31. Bd3 a5 32. g3 c5 33. f4 Bd4+
34. Kg2 Rd7 35. Kf3 Re7 36. Rxe7 Kxe7 37. Bc4 h6 38. Bg8 g5 39. h4 g4+ 40. Ke2
Kf6 41. Bd5 Bg1 42. Bc6 Bd4 43. Bd7 Bc3 44. Kd3 Be1 45. Kc4 Bxg3 46. Kxc5 Bxh4
47. Kd4 Bf2+ 48. Kd3 h5 49. c3 h4 50. b4 h3 51. bxa5 g3 52. Ke2 Bc5 53. Bc6 g2
{Normal} 0-1

[Event "Rated Blitz game"]
[Site "?"]
[Date "2021.07.08"]
[Round "?"]
[White "imsk"]
[Black "annaly1979"]
[Result "1-0"]
[WhiteElo "2467"]
[BlackElo "2394"]
[PlyCount "87"]
[EventDate "2021.??.??"]
[EventType "blitz"]

1. e4 e5 2. Nf3 d5 3. exd5 e4 4. Ne5 Bd6 5. d4 Nf6 6. c4 b6 7. Nc3 h6 8. Bf4
O-O 9. Be2 Bf5 10. O-O a6 11. Qd2 Re8 12. Rfe1 Nfd7 13. f3 exf3 14. Bxf3 Qf6
15. Nxd7 Nxd7 16. Bxd6 Qxd6 17. Rxe8+ Rxe8 18. Re1 Rxe1+ 19. Qxe1 Qf6 20. Qe3
Nf8 21. b3 Ng6 22. h3 Qh4 23. Ne4 Bxe4 24. Qxe4 Qg3 25. Qe8+ Kh7 26. Qxf7 Qh4
27. Qf5 Qxd4+ 28. Kh2 Qe5+ 29. Qxe5 Nxe5 30. Kg3 g5 31. Be4+ Kg7 32. Kf2 Kf6
33. Ke3 a5 34. Kd4 h5 35. a3 g4 36. hxg4 Nxg4 37. b4 Ke7 38. c5 Nf6 39. Bf3 h4
40. d6+ cxd6 41. cxb6 Kd7 42. bxa5 Kc8 43. a6 Nd7 44. Bg4 {Normal} 1-0

[Event "Rated Blitz game"]
[Site "?"]
[Date "2021.07.08"]
[Round "?"]
[White "Hamed99aljoudiy99"]
[Black "lavilaine"]
[Result "1-0"]
[WhiteElo "2453"]
[BlackElo "2399"]
[PlyCount "35"]
[EventDate "2021.??.??"]
[EventType "blitz"]

1. e4 e5 2. Nf3 d5 3. exd5 e4 4. Qe2 f5 5. d3 Nf6 6. dxe4 fxe4 7. Nc3 Bb4 8.
Qb5+ Nc6 9. dxc6 Bxc3+ 10. bxc3 O-O 11. Ng5 bxc6 12. Qxc6 Bg4 13. Bc4+ Kh8 14.
Ba3 e3 15. fxe3 Ne4 16. Nxe4 Qh4+ 17. g3 Qh6 18. Qxh6 {Normal} 1-0

[Event "Rated Blitz game"]
[Site "?"]
[Date "2021.07.08"]
[Round "?"]
[White "flo50"]
[Black "ahoramahora"]
[Result "1-0"]
[WhiteElo "2531"]
[BlackElo "2368"]
[PlyCount "41"]
[EventDate "2021.??.??"]
[EventType "blitz"]

1. e4 e5 2. Nf3 d5 3. exd5 e4 4. Qe2 Nf6 5. Nc3 Be7 6. Nxe4 O-O 7. d4 Qxd5 8.
Nxf6+ Bxf6 9. Be3 Nc6 10. c4 Qa5+ 11. Qd2 Qh5 12. Be2 Bg4 13. h3 Rad8 14. O-O-O
Bc8 15. Ne5 Qf5 16. Bg4 Qe4 17. f3 Nxe5 18. fxe4 Nxc4 19. Qe2 b5 20. Bxc8 Rxc8
21. e5 {Normal} 1-0

[Event "Rated Blitz game"]
[Site "?"]
[Date "2021.07.07"]
[Round "?"]
[White "GAGIK_JAN"]
[Black "BaronBananenschnabel"]
[Result "1-0"]
[WhiteElo "2497"]
[BlackElo "2392"]
[PlyCount "46"]
[EventDate "2021.??.??"]
[EventType "blitz"]

1. e4 e5 2. Nf3 d5 3. exd5 Bd6 4. d4 e4 5. Ne5 Nf6 6. Nc3 O-O 7. Bg5 Bf5 8. Be2
h6 9. Bh4 Re8 10. O-O Bxe5 11. dxe5 Rxe5 12. Qd4 Qe7 13. Bg3 Nbd7 14. Bxe5 Nxe5
15. Rad1 Re8 16. Qxa7 Nfg4 17. h3 Qh4 18. hxg4 Bxg4 19. Qe3 Bf3 20. gxf3 exf3
21. Bxf3 Re7 22. Bg2 Ng4 23. Qg3 Qh5 {Normal} 1-0

[Event "Rated Blitz tournament sjOWdpiu"]
[Site "?"]
[Date "2021.07.07"]
[Round "?"]
[White "kokoro_bkd"]
[Black "Gendut_BKD"]
[Result "1-0"]
[WhiteElo "2396"]
[BlackElo "2451"]
[PlyCount "113"]
[EventDate "2021.??.??"]
[EventType "blitz"]

1. e4 e5 2. Nf3 d5 3. d4 dxe4 4. Nxe5 Bd6 5. f4 exf3 6. Nxf3 Nf6 7. Bd3 O-O 8.
O-O Bg4 9. h3 Bh5 10. g4 Bg6 11. Bxg6 hxg6 12. c3 c5 13. Bg5 cxd4 14. Nxd4 Nbd7
15. Qf3 Qb6 16. Nd2 Bc5 17. N2b3 Bd6 18. Rad1 Rae8 19. h4 Bb8 20. h5 Qd6 21.
Rd2 gxh5 22. gxh5 Ne5 23. Qh3 Nc4 24. Rg2 Kh7 25. Bxf6 gxf6 26. Nf5 Qb6+ 27.
Nbd4 Rg8 28. Qd3 Rxg2+ 29. Kxg2 Rg8+ 30. Kh3 Ne5 31. Qe4 Kh8 32. Ne7 Rg5 33.
Ndf5 Rxh5+ 34. Kg2 Qe6 35. Rh1 Rxh1 36. Kxh1 Ng6 37. Qxb7 Nxe7 38. Kg2 Qxf5 39.
Qxb8+ Kg7 40. Qb7 Qg6+ 41. Kf2 Nf5 42. Qf3 Qg3+ 43. Qxg3+ Nxg3 44. Kxg3 Kg6 45.
c4 f5 46. Kf3 Kf6 47. Kf4 Ke6 48. b4 f6 49. a4 Kd6 50. Kxf5 Ke7 51. c5 a6 52.
b5 axb5 53. axb5 Kf7 54. b6 Ke7 55. b7 Kd7 56. b8=Q Kc6 57. Qd6+ {Normal} 1-0

[Event "Rated Blitz tournament P2CUnHhq"]
[Site "?"]
[Date "2021.07.07"]
[Round "?"]
[White "NOELDelaCruz"]
[Black "NDMUSPERM523"]
[Result "1/2-1/2"]
[WhiteElo "2421"]
[BlackElo "2247"]
[PlyCount "110"]
[EventDate "2021.??.??"]
[EventType "blitz"]

1. e4 e5 2. Nf3 d5 3. Nxe5 Qe7 4. d4 f6 5. Nd3 dxe4 6. Nf4 c6 7. c4 f5 8. Nc3
Nf6 9. h4 g6 10. Be3 Bg7 11. Be2 Be6 12. d5 cxd5 13. cxd5 Bf7 14. Qb3 O-O 15.
Rd1 Rd8 16. O-O Nbd7 17. Ne6 b6 18. Nxg7 Kxg7 19. Bd4 Nc5 20. Qa3 Rac8 21. b4
Ncd7 22. Qb2 h5 23. Ba6 Rb8 24. Bb5 Kh7 25. Bc6 Ng4 26. g3 Nde5 27. Ne2 Nf3+
28. Kh1 Nxh4 29. Nf4 Nf3 30. Kg2 Qg5 31. Rh1 Rbc8 32. Rh3 Nxd4 33. Qxd4 Qf6 34.
Qxf6 Nxf6 35. b5 Rd6 36. a4 Rcd8 37. Rhh1 Nxd5 38. Nxd5 Bxd5 39. Bxd5 Rxd5 40.
Rc1 R8d7 41. Rc6 Rd4 42. Re1 Rxa4 43. Rec1 Rc4 44. R1xc4 Kh6 45. Rc7 Rd6 46.
Re7 Rd5 47. Rcc7 Rxb5 48. Rh7+ Kg5 49. Rxa7 Rb2 50. Rhg7 e3 51. Rae7 Rxf2+ 52.
Kg1 Rf3 53. Kg2 Rf2+ 54. Kg1 Rf3 55. Kg2 Rf2+ {Normal} 1/2-1/2

[Event "Rated Blitz game"]
[Site "?"]
[Date "2021.07.07"]
[Round "?"]
[White "Kmet_Artem"]
[Black "NaestvedVinderAltid"]
[Result "1-0"]
[WhiteElo "2430"]
[BlackElo "2294"]
[PlyCount "29"]
[EventDate "2021.??.??"]
[EventType "blitz"]

1. e4 e5 2. Nf3 d5 3. Nxe5 Bd6 4. d4 dxe4 5. Nc4 Ne7 6. Nc3 f5 7. f3 Ng6 8.
Nxd6+ cxd6 9. fxe4 fxe4 10. Bc4 Qh4+ 11. g3 Qh3 12. Qe2 Bg4 13. Qxe4+ Kd7 14.
Qxb7+ Kd8 15. Bg5+ {Normal} 1-0

[Event "Rated Blitz game"]
[Site "?"]
[Date "2021.07.07"]
[Round "?"]
[White "Werderfan1984"]
[Black "Maltinho"]
[Result "0-1"]
[WhiteElo "2479"]
[BlackElo "2534"]
[PlyCount "62"]
[EventDate "2021.??.??"]
[EventType "blitz"]

1. e4 e5 2. Nf3 d5 3. Nxe5 Bd6 4. d4 dxe4 5. Nc3 Bxe5 6. dxe5 Qxd1+ 7. Nxd1 Nc6
8. Bb5 Bd7 9. Bxc6 Bxc6 10. Nc3 Ne7 11. Bf4 Ng6 12. Bg3 O-O-O 13. O-O Rd2 14.
Rac1 e3 15. f3 Rhd8 16. Rfe1 h5 17. Rxe3 h4 18. Be1 R2d4 19. Bf2 Rd2 20. Ne4
Rd1+ 21. Rxd1 Rxd1+ 22. Re1 Rxe1+ 23. Bxe1 Bxe4 24. fxe4 Kd7 25. Kf2 Nxe5 26.
Ke3 g5 27. Kd4 Ke6 28. b3 h3 29. gxh3 Nf3+ 30. Kd3 Nxe1+ 31. Kd2 Nf3+ {Normal}
0-1

[Event "Rated Blitz tournament zR5Cnecd"]
[Site "?"]
[Date "2021.07.07"]
[Round "?"]
[White "yuriy76"]
[Black "Fantastic_power06"]
[Result "0-1"]
[WhiteElo "2300"]
[BlackElo "2667"]
[PlyCount "136"]
[EventDate "2021.??.??"]
[EventType "blitz"]

1. e4 e5 2. Nf3 d5 3. exd5 e4 4. Qe2 Nf6 5. d3 Qxd5 6. dxe4 Qxe4 7. Nc3 Bb4 8.
Bd2 Qxe2+ 9. Bxe2 O-O 10. O-O-O Re8 11. Bc4 Bg4 12. Rde1 Nc6 13. Ng5 Bh5 14. h4
h6 15. Nge4 Nxe4 16. Rxe4 Bg6 17. Rxe8+ Rxe8 18. Re1 Rd8 19. a3 Bc5 20. Be3 Bf8
21. g4 h5 22. f3 Re8 23. Bf2 Rxe1+ 24. Bxe1 Nd4 25. Bf2 Nxf3 26. gxh5 Bxh5 27.
Bxa7 Nxh4 28. Kd2 g5 29. Bb8 Bd6 30. Nb5 Bf4+ 31. Ke1 Nf3+ 32. Kf2 Ne5 33. Be2
c6 34. Bxh5 cxb5 35. Bxe5 Bxe5 36. b3 Bb2 37. a4 bxa4 38. bxa4 b6 39. Kf3 Kf8
40. Ke4 Ke7 41. Kf5 f6 42. Bg4 Kd6 43. Be2 Kc5 44. Bb5 Kb4 45. c4 Bd4 46. Kg4
Kc3 47. Kf5 Kd2 48. Kg4 Ke3 49. Bc6 Bc5 50. Bd5 Kd4 51. Kf5 Ke3 52. Kxf6 g4 53.
Kf5 g3 54. Kg4 Kf2 55. Kh3 Bd6 56. Bg2 Ke3 57. Bd5 Bc7 58. Bg2 Kd4 59. Bd5 Kc5
60. Kg2 Kb4 61. Be6 Be5 62. Bd5 Bb8 63. Be6 Kxa4 64. Bd5 Kb4 65. Be6 Kc5 66.
Bd5 b5 67. Bg8 b4 68. Bh7 b3 {Time forfeit} 0-1

[Event "Rated Blitz tournament zR5Cnecd"]
[Site "?"]
[Date "2021.07.07"]
[Round "?"]
[White "Nikitos77"]
[Black "Fantastic_power06"]
[Result "0-1"]
[WhiteElo "2229"]
[BlackElo "2659"]
[PlyCount "88"]
[EventDate "2021.??.??"]
[EventType "blitz"]

1. e4 e5 2. Nf3 d5 3. d3 dxe4 4. dxe4 Qxd1+ 5. Kxd1 Nc6 6. Nc3 Bg4 7. Bb5
O-O-O+ 8. Ke2 Nd4+ 9. Ke3 Bc5 10. Nxd4 Bxd4+ 11. Kd2 Bxf2+ 12. Bd3 Nf6 13. Rf1
Bb6 14. Ke1 h6 15. h3 Be6 16. Ke2 Nd7 17. Be3 Nc5 18. Bxc5 Bxc5 19. a3 Bd4 20.
Nd1 f6 21. c3 Bb6 22. Ne3 Bxe3 23. Kxe3 Rd7 24. Rad1 Rhd8 25. Rfe1 Bb3 26. Rd2
Bc4 27. Red1 Bxd3 28. Rxd3 Rxd3+ 29. Rxd3 Rxd3+ 30. Kxd3 Kd7 31. g4 Ke6 32. Ke3
g6 33. Kf3 f5 34. c4 fxg4+ 35. hxg4 Kf6 36. Kg3 Kg5 37. b4 h5 38. gxh5 gxh5 39.
b5 h4+ 40. Kh3 Kf4 41. Kxh4 Kxe4 42. b6 cxb6 43. c5 bxc5 44. a4 a5 {Normal} 0-1

[Event "Rated Blitz game"]
[Site "?"]
[Date "2021.07.07"]
[Round "?"]
[White "Milber"]
[Black "King_bg03"]
[Result "1-0"]
[WhiteElo "2521"]
[BlackElo "2589"]
[PlyCount "70"]
[EventDate "2021.??.??"]
[EventType "blitz"]

1. e4 e5 2. Nf3 d5 3. exd5 e4 4. Ne5 Nf6 5. d4 exd3 6. Bxd3 Qxd5 7. O-O Bd6 8.
Nc4 O-O 9. Nc3 Qc6 10. Nxd6 Qxd6 11. Re1 a6 12. g3 Bg4 13. f3 Bh5 14. Kg2 Nbd7
15. Bf4 Qc6 16. h3 Rfe8 17. g4 Nxg4 18. hxg4 Bxg4 19. Rxe8+ Rxe8 20. Kg3 Bh5
21. Qh1 Nf6 22. Ne4 Bg6 23. Nxf6+ Qxf6 24. Re1 Rc8 25. Qh4 Qxb2 26. Qe7 f6 27.
Qd7 Rf8 28. Bc4+ Kh8 29. Qe7 Ra8 30. Qxc7 Qxc2 31. Re7 Qc3 32. Qxb7 Rf8 33. Bf7
Bxf7 34. Rxf7 Qe1+ 35. Kg4 Qe2 {Normal} 1-0

[Event "Rated Blitz tournament P2CUnHhq"]
[Site "?"]
[Date "2021.07.07"]
[Round "?"]
[White "JELEEN"]
[Black "Jorny_Too_Pass"]
[Result "1-0"]
[WhiteElo "2510"]
[BlackElo "2241"]
[PlyCount "97"]
[EventDate "2021.??.??"]
[EventType "blitz"]

1. e4 e5 2. Nf3 d5 3. Nc3 d4 4. Ne2 Nc6 5. Ng3 f6 6. Bc4 Bg4 7. h3 Bxf3 8. Qxf3
Qd7 9. Qb3 Nge7 10. Qf3 O-O-O 11. d3 Kb8 12. Bd2 Ng6 13. h4 Bd6 14. a3 Nf4 15.
Ne2 g5 16. hxg5 fxg5 17. Nxf4 gxf4 18. O-O-O Ne7 19. Rh6 Ng6 20. Rdh1 Qg7 21.
Qh5 a6 22. Rxh7 Rxh7 23. Qxh7 Qf6 24. Rh6 Nf8 25. Rxf6 Nxh7 26. Rg6 Nf8 27. Rg8
Be7 28. Kd1 c5 29. a4 Nd7 30. Rxd8+ Bxd8 31. Ke2 Kc7 32. Kf3 Kd6 33. g3 fxg3
34. fxg3 Bf6 35. g4 Nf8 36. g5 Bg7 37. Kg4 Ng6 38. Bd5 b6 39. Bb7 a5 40. Ba6
Bh8 41. Bb5 Bg7 42. Kh5 Nf4+ 43. Kg4 Ng2 44. Kf5 Ne3+ 45. Kg6 Bf8 46. Kf7 Be7
47. g6 Nxc2 48. g7 Nb4 49. g8=Q {Normal} 1-0

[Event "Rated Blitz game"]
[Site "?"]
[Date "2021.07.07"]
[Round "?"]
[White "Jadoubovic11"]
[Black "ahoramahora"]
[Result "0-1"]
[WhiteElo "2414"]
[BlackElo "2376"]
[PlyCount "82"]
[EventDate "2021.??.??"]
[EventType "blitz"]

1. e4 e5 2. Nf3 d5 3. exd5 e4 4. Qe2 Nf6 5. d3 Qxd5 6. Nfd2 Nc6 7. Nxe4 Be6 8.
Nxf6+ gxf6 9. Nc3 Bb4 10. Bd2 Qa5 11. a3 O-O-O 12. Ne4 f5 13. Bxb4 Nxb4 14. Nc3
Nd5 15. Qd2 Rhe8 16. O-O-O Nb6 17. Ne4 Qd5 18. Nf6 Qa2 19. Qc3 Re7 20. g3 Nc4
21. b3 Qxa3+ 22. Kb1 Nd6 23. Bg2 Nb5 24. Qb2 Qb4 25. Kc1 Qc5 26. Rhf1 f4 27.
Ne4 Qf5 28. f3 Nd4 29. g4 Qa5 30. b4 Qb6 31. Nc5 Bd5 32. c3 Ne2+ 33. Kb1 Rde8
34. Rfe1 Qc6 35. d4 Bxf3 36. b5 Qe4+ 37. Nxe4 Bxe4+ 38. Ka2 Bxg2 39. Rxe2 Bd5+
40. Ka3 Rxe2 41. Qb4 Ra2# {Normal} 0-1

[Event "Rated Blitz game"]
[Site "?"]
[Date "2021.07.07"]
[Round "?"]
[White "creative10chess"]
[Black "artsportscience"]
[Result "0-1"]
[WhiteElo "2311"]
[BlackElo "2404"]
[PlyCount "30"]
[EventDate "2021.??.??"]
[EventType "blitz"]

1. e4 e5 2. Nf3 d5 3. exd5 e4 4. Qe2 Nf6 5. d3 Qxd5 6. Nc3 Bb4 7. Bd2 Bxc3 8.
Bxc3 O-O 9. Bxf6 exf3 10. Qxf3 Qxf3 11. gxf3 gxf6 12. Rg1+ Kh8 13. d4 Bf5 14.
O-O-O Nc6 15. f4 Rg8 {Normal} 0-1

[Event "Rated Blitz game"]
[Site "?"]
[Date "2021.07.07"]
[Round "?"]
[White "hagr135"]
[Black "Schachelite"]
[Result "0-1"]
[WhiteElo "2306"]
[BlackElo "2401"]
[PlyCount "84"]
[EventDate "2021.??.??"]
[EventType "blitz"]

1. e4 e5 2. Nf3 d5 3. exd5 e4 4. Qe2 Nf6 5. Nc3 Be7 6. Ne5 O-O 7. d4 exd3 8.
Qxd3 Re8 9. Be3 Bb4 10. O-O-O Rxe5 11. Bd4 Bxc3 12. Bxc3 Bf5 13. Qc4 Rxd5 14.
Rxd5 Qxd5 15. Qxc7 Nbd7 16. Bc4 Qxg2 17. Rd1 Qxf2 18. Rd2 Qe1+ 19. Rd1 Qe3+ 20.
Kb1 Qb6 21. Qf4 Be6 22. Bd3 Rc8 23. Ka1 Nd5 24. Qh4 Nxc3 25. Qxh7+ Kf8 26. Qh8+
Ke7 27. Qh4+ Nf6 28. bxc3 Rxc3 29. Rb1 Qc7 30. Rb2 b6 31. Qe1 Nd5 32. Qh4+ f6
33. Qh7 Kd6 34. Qe4 Rc5 35. c4 Ne7 36. Rd2 Bd5 37. Qf4+ Kd7 38. Qg4+ Kd8 39.
Qxg7 Kc8 40. Qxf6 Kb8 41. Qf8+ Nc8 42. Qf2 Qe5+ {Time forfeit} 0-1

[Event "Rated Rapid game"]
[Site "?"]
[Date "2021.07.07"]
[Round "?"]
[White "Denis_Kochetkov"]
[Black "ertofalan"]
[Result "0-1"]
[WhiteElo "2245"]
[BlackElo "2406"]
[PlyCount "53"]
[EventDate "2021.??.??"]
[EventType "rapid"]

1. e4 e5 2. Nf3 d5 3. exd5 e4 4. Qe2 Nf6 5. Nc3 Be7 6. Nxe4 O-O 7. a3 Nxe4 8.
Qxe4 Re8 9. Be2 Bf6 10. Qd3 Nd7 11. O-O Nc5 12. Qc4 b6 13. Re1 Ba6 14. Qb4 Bxe2
15. d4 Bxf3 16. Rxe8+ Qxe8 17. gxf3 Nb7 18. Bf4 Nd6 19. Re1 Qd7 20. Bxd6 cxd6
21. Qc3 Rc8 22. Qd3 Qh3 23. Qe4 h5 24. c3 a5 25. Qf4 Qd7 26. b4 Rxc3 27. bxa5 {
Normal} 0-1

[Event "Rated Blitz game"]
[Site "?"]
[Date "2021.07.07"]
[Round "?"]
[White "LuisFlores_UPC"]
[Black "s_1704"]
[Result "1-0"]
[WhiteElo "2410"]
[BlackElo "2263"]
[PlyCount "49"]
[EventDate "2021.??.??"]
[EventType "blitz"]

1. e4 e5 2. Nf3 d5 3. Nxe5 Bd6 4. d4 dxe4 5. Qh5 Qe7 6. Bc4 Be6 7. Bg5 Nf6 8.
Bxf6 gxf6 9. Bxe6 fxe5 10. Bd5 c6 11. Bxe4 exd4 12. Nd2 Nd7 13. O-O-O O-O-O 14.
Rhe1 Qf8 15. Nc4 Bc5 16. Bf5 Kb8 17. Bxd7 Rxd7 18. Qe5+ Ka8 19. Rd3 Rg8 20. Rf3
a6 21. Qf5 Rd5 22. Qxf7 Qxf7 23. Rxf7 Rxg2 24. Na5 d3 25. Re8+ {Normal} 1-0